000 00609nam a2200205 4500
003 OSt
005 20240703080003.0
006 a
008 240703b |||||||| |||| 00| 0 eng d
020 _a97800124977822
040 _aDWCL-Main lib.
_cOC
082 _aRes. 006.3 M655a 2006
100 _aMillington, Ian
245 _aArtificial intelligence for games /
260 _aCalif. :
_bMorgan Kaufman Pub.,
_cc2006.
300 _axxxv,
_b856 p. : ill. ;
_c24 cm.
504 _aIncludes bibliographical references and index.
650 _a1. Artificial intelligence.
942 _2ddc
_n0
_cBK-0 CIRC
_kRes.
999 _c1898
_d1898